000
00195 a2200109 4500
020
_a
9789709747522
041
_a
spa
100
_a
Disney
245
_a
Blanca Nieves
942
_c
BK
952
_7
1
999
_c
25206
_d
25206